| 000 | 00928cam a2200277 i 4500 | ||
|---|---|---|---|
| 001 | 200454874 | ||
| 003 | TR-AnTOB | ||
| 005 | 20240801084241.0 | ||
| 007 | ta | ||
| 008 | 191113s2002 tu a 000 tur d | ||
| 040 |
_aTKRA _beng _erda _cTKRA _dTR-AnTOB |
||
| 041 | 0 | _atur | |
| 060 |
_aWN 206 _bU47 2002 |
||
| 090 | 0 | 0 |
_aWN206 _bU47 2002 |
| 111 | 0 | _aUlusal Radyoloji Kongresi (23. : 2002 : Antalya) | |
| 245 | 1 | 0 |
_a23. Ulusal radyoloji kongresi, 5-8 Kasım 2002, Göynük, Antalya : _bTÜRKRAD 2002 : _bprogram, bildiri özetleri/ _cTürk Radyoloji Derneği.. |
| 264 | 1 |
_aAnkara : _bTürk Radyoloji Derneği, _c2002. |
|
| 300 |
_a189 pages : _billustrations ; _c28 cm. |
||
| 336 |
_ametin _btxt _2rdacontent |
||
| 337 |
_aaracısız _bn _2rdamedia |
||
| 338 |
_acilt _bnc _2rdacarrier |
||
| 500 | _aIncludes bibliographical references. | ||
| 650 | 2 |
_aTomography, X-Ray Computed _9142740 |
|
| 942 |
_2NLM _cBK |
||
| 999 |
_c200454874 _d73086 |
||